000 03002nam a22002297a 4500
001 6940
003 FISKH
005 20251010092922.0
008 250611b cb ||||| |||| 00| 0 eng d
020 _a9789996357800
040 _aFISKH
_bkhr
_cFISKH
_dFISKH
082 _a590
100 _aHolden, Jeremy
245 _aសត្វក្រពើកម្ពុជា :
_bគម្រោងអភិរក្សក្រពើកម្ពុជា /
_cBy Jeremy Holden
250 _aបោះពុម្ពលើកទី១ ឆ្នាំ២០១០
260 _aភ្នំពេញ :
_bអង្កការសត្វព្រៃ និង រុក្ខជាតិអន្តរជាតិ- កម្មវិធីប្រចាំនៅកម្ពុជា /
_c2010.
300 _a28 pages :
_bcolor illustrations , maps ;
_c15x22 cm .
520 _aសៀវភៅ "សត្វក្រពើកម្ពុជា" ដែលនិពន្ធដោយលោក Jeremy Holden គឺជាសៀវភៅដែលផ្តោតលើការសិក្សាពីសត្វក្រពើនៅប្រទេសកម្ពុជា។ សៀវភៅនេះផ្តល់ព័ត៌មានលម្អិតអំពីប្រភេទនៃសត្វក្រពើដែលមាននៅក្នុងប្រទេសកម្ពុជា និងស្ថានភាពបច្ចុប្បន្នរបស់ពួកវា។ វាក៏ពិភាក្សាអំពីការការពារនិងការអភិរក្សសត្វក្រពើក្នុងបរិបទនៃបរិស្ថានធម្មជាតិ និងវប្បធម៌កម្ពុជា។ សៀវភៅនេះអាចមានប្រយោជន៍សម្រាប់អ្នកដែលចាប់អារម្មណ៍ក្នុងការសិក្សាពីសត្វព្រៃ និងការអភិរក្សធម្មជាតិ។ វាក៏អាចជាឧបករណ៍សិក្សាសម្រាប់សិស្សានុសិស្ស និងអ្នកស្រាវជ្រាវដែលចង់យល់ដឹងបន្ថែមអំពីសត្វក្រពើនៅកម្ពុជា។
520 _aThe book "Crocodiles of Cambodia" by Jeremy Holden focuses on the study of crocodiles in Cambodia. It provides detailed information about the species of crocodiles found in the country and their current status. The book also discusses conservation efforts and the protection of crocodiles within the context of Cambodia’s natural environment and cultural heritage. This book can be useful for those interested in wildlife studies and nature conservation. It may also serve as a learning resource for students and researchers who want to gain a deeper understanding of crocodiles in Cambodia.
942 _2ddc
_cKHB
_n0
999 _c6940
_d6940